000 00210nam a22000977a 4500
003 OSt
008 210119b ||||| |||| 00| 0 eng d
100 _aGandhi, M. K
_94546
245 _aMy non violence
942 _cBK
999 _c16714
_d16714